000 00305nam a22001457a 4500
003 SGT
020 _a8123906412
082 _a720.9
_bCRU
100 _aCRUICKSHANK DAN
245 _aA HISTORY OF ARCHITECTURE
250 _a12TH
260 _aINDIA
_bCBS PUB.
_c1999
300 _a1794
942 _2ddc
_cBK
999 _c32132
_d32132